000 01406cam a2200421 a 4500
001 21440
003 VRT
005 20260302112505.0
008 060510s2006 xr a a 000 p slo
015 _aSNBZSA2016/11
020 _a8072672207
_q(viazané)
039 9 _a202511051854
_bmsnk116
_c202312031510
_dAUTHORITY
_c202312031459
_dAUTHORITY
_c201701101113
_dmbjkdg02
040 _aPOKPOH
_bslo
_cPOKPOH
_dSNK
_eAACR 2
041 0 _aslo
044 _axr
_cCZ
072 7 _a821-93
_xLiteratúra pre deti a mládež (beletria)
_2konspekt
080 _a82-93-053.2
_22011
080 _a(0.05)
_22011
080 _a82-94
_22011
080 _a(0.025.2)
_22011
245 0 0 _aKom, kom, kominár
_c[ilustrácie Vladimíra Vopičková]
260 _aŘíčany u Prahy
_bJunior
_c2006
300 _a[6] skladacích obojstranných strán
_bfareb. ilustr.
_c21 cm
490 1 _aVakát
500 _aIlustrované leporelo
500 _aNázov z obalu
655 7 _apublikácie pre deti
_2SNKPH
655 7 _aChildren's literature
_2SNKPHeng
655 7 _ariekanky
_2SNKPH
655 7 _aNursery rhymes
_2SNKPHeng
655 7 _aleporelá
_2SNKPH
655 7 _aPicture books for children
_2SNKPHeng
700 1 _aVopičková, Vladimíra,
_d1965-
_4ill
830 0 _aVakát
910 _abjkdg
942 _2ddc
_cKLDE
_n0
949 _617A1217641
_asnkOSC 27775
_bsnk2016/25698
_oPemic98-ah/13Int. č. fa – 75/2016
999 _c21440
_d21440